| 000 | 00954cam a22003013a 4500 | ||
|---|---|---|---|
| 001 | 6104 | ||
| 003 | PGUSA | ||
| 005 | 20140828083128.0 | ||
| 008 | 040701s2004||||xxu|||||s|||||000 | eng d | ||
| 040 |
_aPGUSA _beng |
||
| 042 | _adc | ||
| 050 | 4 | _aS | |
| 050 | 4 | _aDU | |
| 100 | 1 |
_aBarker, Lady _q(Mary Anne), _d1831-1911 |
|
| 245 | 1 | 0 |
_aStation Life in New Zealand _h[electronic resource] / _cLady Barker |
| 260 |
_bProject Gutenberg, _c2004 |
||
| 506 | _aPublic domain in the USA. | ||
| 516 | _aElectronic text | ||
| 653 | _aNew Zealand -- Biography | ||
| 653 | _aSheep ranches -- New Zealand | ||
| 653 | _aBarker, Lady (Mary Anne), 1831-1911 -- Correspondence | ||
| 653 | _aNew Zealand -- Social life and customs | ||
| 653 | _aGovernors' spouses -- New Zealand -- Correspondence | ||
| 653 | _aCountry life -- New Zealand -- History | ||
| 830 | 0 |
_aProject Gutenberg _v6104 |
|
| 856 | 4 | 0 | _uhttp://www.gutenberg.org/ebooks/6104 |
| 942 | _cEB | ||
| 999 |
_c235432 _d235432 |
||